LEADER 01814nlm2-2200373---450- 001 990003140210203316 005 20080903132445.0 035 $a000314021 035 $aUSA01000314021 035 $a(ALEPH)000314021USA01 035 $a000314021 100 $a20080903d2000----km-y0itay50------ba 101 2 $aita 102 $aIT 135 $adocg#-------- 200 1 $aMs 459 Biblioteca Casanatense$el'enciclopedia medica dell'imperatore Venceslao [Risorsa elettronica] 210 $a[Modena]$cF. C. Panini$d2000 215 $a1 CD-ROM$ccolor.$d12 cm 300 $aTit. dell'etichetta. - Sulla custodia : Traduzione del testo manoscritto in italiano moderno, schede descrittive 337 $aRequisiti minimi per PC: CPU classe Intel Pentium III o superiore ; Microsoft Windows 98, Windows NT, Windows 2000, Windows XP, 128 MB di RAM (consigliati 256MB) ; 100 MB di spazio libero sull'hard disk ; lettore CD-ROM 16x ; Risoluzione video 800x600 (64.000 colori) ; Requisiti minimi per Mac : Apple Power Macintosh G3, PowerBook G3, Power Macintosh G4, iMac o iBook computers ; Mac OS 9.2.2 successivo ; 120 MB di RAm (consigliato superiore) ; 100 MB di spazio libero sull'hard disk; lettore CD-Rom 16x ; Risoluzione video 800x600 (64.000) 461 0$1001000314018$12001$aHistoria plantarum 606 0 $aBiblioteca Casanatense $xMs 459$2BNCF 606 0 $aPiante medicinali$xManoscritti$zStoria 676 $a581.634 801 0$aIT$bsalbc$gISBD 912 $a990003140210203316 951 $aXVIII UMA 20 (c/o Servizi on line)$b210651 L.M.$cXVIII 959 $aER 969 $aER 979 $aPAOLA$b90$c20080903$lUSA01$h1312 979 $aPAOLA$b90$c20080903$lUSA01$h1313 979 $aPAOLA$b90$c20080903$lUSA01$h1324 996 $aMs 459 Biblioteca Casanatense$91016510 997 $aUNISA LEADER 01979nam 2200517 a 450 001 9910787534603321 005 20230803031243.0 010 $a1-4214-0975-5 035 $a(CKB)2670000000419738 035 $a(EBL)3318710 035 $a(SSID)ssj0000949714 035 $a(PQKBManifestationID)11494684 035 $a(PQKBTitleCode)TC0000949714 035 $a(PQKBWorkID)10996685 035 $a(PQKB)11715673 035 $a(MiAaPQ)EBC3318710 035 $a(OCoLC)852898947 035 $a(MdBmJHUP)muse27380 035 $a(Au-PeEL)EBL3318710 035 $a(CaPaEBR)ebr10733475 035 $a(OCoLC)923196184 035 $a(EXLCZ)992670000000419738 100 $a20121212d2013 uy 0 101 0 $aeng 135 $aur|n|---||||| 181 $ctxt 182 $cc 183 $acr 200 10$aArmed political organizations$b[electronic resource] $efrom conflict to integration /$fBenedetta Berti 210 $aBaltimore $cJohns Hopkins University Press$d2013 215 $a1 online resource (254 p.) 300 $aDescription based upon print version of record. 311 $a1-4214-0974-7 320 $aIncludes bibliographical references and index. 327 $a1. Introduction -- 2. The power of politics: party formation and armed struggle -- 3. The Lebanese Hezbollah: armed "resistance" and political integration -- 4. The Palestinian Hamas: political participation between internal cohesion and dissent -- 5. The Irish Republican Army and Sinn Fein in Northern Ireland: a model of political transition? -- 6. Armed groups and political integration: summary of findings and policy implications -- Bibliography. 606 $aPolitical violence 615 0$aPolitical violence. 676 $a322.4/2 700 $aBerti$b Benedetta$01538721 801 0$bMiAaPQ 801 1$bMiAaPQ 801 2$bMiAaPQ 906 $aBOOK 912 $a9910787534603321 996 $aArmed political organizations$93788998 997 $aUNINA LEADER 01583nam 22004453 450 001 9911038525103321 005 20251102090525.0 010 $a1-394-28992-8 010 $a1-394-28994-4 010 $a1-394-28993-6 035 $a(CKB)41843186900041 035 $a(MiAaPQ)EBC32382100 035 $a(Au-PeEL)EBL32382100 035 $a(OCoLC)1548256970 035 $a(EXLCZ)9941843186900041 100 $a20251102d2025 uy 0 101 0 $aeng 135 $aur||||||||||| 181 $ctxt$2rdacontent 182 $cc$2rdamedia 183 $acr$2rdacarrier 200 10$aModern Power System 205 $a1st ed. 210 1$aNewark :$cJohn Wiley & Sons, Incorporated,$d2025. 210 4$dİ2026. 215 $a1 online resource (595 pages) 225 1 $aIEEE Press Series on Power and Energy Systems Series 311 08$a1-394-28991-X 330 $aComprehensive reference exploring fundamentals of power systems analysis and operation through a unique blend of traditional and modern concepts Modern Power System explains the fundamentals of power systems analysis and operation, the latest developments with regard to transformation of energy sources from the conventional synchronous generators. 410 0$aIEEE Press Series on Power and Energy Systems Series 606 $aSCIENCE / Energy$2bisacsh 615 7$aSCIENCE / Energy 700 $aGhosh$b Arindam$01593263 801 0$bMiAaPQ 801 1$bMiAaPQ 801 2$bMiAaPQ 906 $aBOOK 912 $a9911038525103321 996 $aModern Power System$94453926 997 $aUNINA